000 01267nam0a22003011 4500
001 v19\rc\1952094
005 20260405125752.0
035 _a(NLR Aleph) 005036827
090 _a6750675
_c6750675
100 _a20080428d1913 u y0rusy50 ca
101 0 _arus
102 _aRU
105 _ay j |||||
200 1 _aЛекции по др[евней] русск[ой] словесности
210 _aКиев
_cИзд. слушат. Высш. жен. курсов
_d1913
215 _a[2], 168 с.
_d28
300 _aАвт. установлен по изд.: Историко-филол. факультет Высш. женских курсов в Киеве. Обозрение преподавания на осеннее полугодие 1913 г. Киев, 1913. С. 12
309 _aНапеч. на пиш. маш. Литогр.
532 1 3 _aЛекции по древней русской словесности
700 1 _8rus
_7ca
_aМалинин
_bВ. Н.
_f1849-1927
_gВасилий Николаевич
_3RU\NLR\AUTH\7751029
_933963
801 0 _aRU
_bNLR
_gpsbo
801 0 _aRU
_bRuMoRGB
_2psbo
801 1 _aRU
_bProSoft-M
_2rusmarc
852 _aNLR
_j37.29.1.27
899 _aRuMoRGB
_jW 35/2
899 _aБАН
942 _cBOOK
980 _aNB